Responses for show #7376 - Monday, October 10, 2016

Contestants

Pidge Meade, a technical writer and actress from Pacifica, California

Charlie Olsky, a film publicist from Brooklyn, New York

Nate Ross, a systems engineer from Los Angeles, California (whose 1-day cash winnings total $19,300)

Jeopardy! Round responses

WORLD AIRPORTS
WHERE DO YOU WEAR IT?
(Alex: What part of the body?)
THAT'S A FACT
HEALTH ISSUES
OBVIOUS BROADWAY
LATE WORDS
    $200 1
Helsinki

Pidge
    $200 11
(Alex: It's a shoe.)

on your feet

Nate
    $200 14
gingivitis

Pidge
    $200 2
Chicago

Charlie
    $200 19
belated

Charlie
    $1,000 3
(Charlie: I'll make it a True Daily Double, $1,000.)
(Alex: That's not a True Daily Double.)
(Charlie: Well, you know.)
(Alex: Yeah, a True Daily Double would be $200, but you're risking $1,000.)

Nepal

Charlie
    $400 12
(Alex: Kid glove, yeah.)

on your hands

Nate
    $400 29
[The end-of-round signal sounds.]

California

Charlie
    $400 15
smallpox

Charlie
    $400 5
Jersey Boys

Nate
    $400 20
tardy

Charlie
    $600 4
John Lennon

Pidge
    $600 13
(Nate: What is... on your pocket?)
(Charlie: Uh, what is a money pack?)
(Alex: No.)
(Charlie: A fanny pack.)
...
(Alex: It's a money belt.)

your waist

NateCharliePidge
    $600 28
dream

Triple Stumper
    $600 16
anticoagulants

Triple Stumper
    $600 6
Waitress

Nate
    $600 21
overdue

Pidge
    $800 9
a dove

Nate
    $800 24
(Alex: [*], a tennis bracelet. Less than a minute to go now.)

the wrist

Nate
    $800 27
Titicaca

Pidge
    $800 17
mad cow disease

Nate
    $800 7
Falsettos

Pidge
    $800 22
delay

Nate
    $1000 10
Charles de Gaulle

Nate
    $1000 25
(Alex: It's a necktie, yes.)

your neck

Nate
    $1000 26
Pascal

Nate
    $1000 18
your kidneys

Triple Stumper
    $1000 8
(Alex: And our thanks, of course, to those Broadway shows for helping us out with that category.)

Fun Home

Charlie
    $1000 23
the weeds

Nate

Scores at the first commercial break (after clue 15):

Nate Charlie Pidge
$2,800 $2,000 $2,400

Scores at the end of the Jeopardy! Round:

Nate Charlie Pidge
$8,200 $3,000 $3,800

Double Jeopardy! Round responses

CARRIE-OKE
THE OTTOMAN EMPIRE
U.S. RIVERS
LIT-POURRI
VERY CLEVER
"L"8 WORDS
    $400 7
Carrie Underwood

Nate
    $400 26
Christianity

Charlie
    $400 6
Superior

Nate
    $400 1
a dwarf

Nate
    $400 12
an optical illusion

Nate
    $400 18
a Labrador

Pidge
    $800 8
Carrie Fisher

Charlie
    $800 27
Istanbul (or Constantinople)

Charlie
    $800 16
the Suwannee

Pidge
    $800 2
Satan

Pidge
    $800 13
a mouse trap

Pidge
    $800 19
lacrosse

Charlie
    $1200 9
Sleater-Kinney

Charlie
    $1200 28
[The end-of-round signal sounds.]

the Persian Gulf

Nate
    $1200 23
the Yukon River

Triple Stumper
    $1200 3
(Alex: [*], Dolores [*].)

Haze

Charlie
    $1200 14
a ruse

Nate
    $1200 20
a lyricist

Pidge
    $1600 10
[ERRATUM: The title of The Hollies' song was "Carrie Anne", not "Carrie Ann" as displayed in the clue.]

Marianne Faithfull

Pidge
    $1600 24
(Alex: You got it with less than a minute to go.)

the Columbia

Pidge
    $1600 4
Pygmalion

Charlie
    $3,000 15
(Alex: Nate?)
(Nate: [No response])

the Trojan Horse

Nate
    $1600 21
languish

Nate
    $2000 11
Shel Silverstein

Pidge
    $2000 25
(Nate: What is the Missouri?)

the Arkansas River

Nate
Triple Stumper
    $2,000 5
(Charlie: What are Lilliputians?)

Yahoos

Charlie
    $2000 17
Reynard

Triple Stumper
    $2000 22
(Pidge: What is a lutist?)

a lutenist

Pidge
Triple Stumper

Scores at the end of the Double Jeopardy! Round:

Nate Charlie Pidge
$8,800 $7,800 $11,000

[wagering suggestions for these scores]

Final Jeopardy! Round responses

INAUGURAL ADDRESSES
(Alex: And of course, "security shield" became identified more closely as SDI.)
CharlieWho was Ronald Reagan?
$4,000
NateWho is Ronald Reagan
$8,798
PidgeWho is Ronald Reagan?
$6,601
President Ronald Reagan

Final scores:

Nate Charlie Pidge
$17,598 $11,800 $17,601
2nd place: $2,000 3rd place: $1,000 New champion: $17,601

Game dynamics:

Coryat scores:

Nate Charlie Pidge
$11,800 $9,200 $11,000
19 R,
3 W
(including 1 DD)
14 R
(including 1 DD),
2 W
(including 1 DD)
15 R,
1 W

Combined Coryat: $32,000

The J! Archive is created by fans, for fans. The Jeopardy! game show and all elements thereof, including but not limited to copyright and trademark thereto, are the property of Jeopardy Productions, Inc. and are protected under law. This website is not affiliated with, sponsored by, or operated by Jeopardy Productions, Inc. Join the discussion at JBoard.tv.